Vista normal
Vista MARC
Entrada Nombre corporativo
Número de registros utilizados en: 1
001 - NÚMERO DE CONTROL
- Campo de control: 41396
003 - IDENTIFICADOR DE NÚMERO DE CONTROL
- Campo de control: ES-MaCES
005 - FECHA Y HORA DE LA ULTIMA MODIFICACION
- Campo de control: 20250623141602.0
008 - ELEMENTOS DE DATOS DE LONGITUD FIJA
- Campo de longitud fija: 161115|| azz||aabn | a|a d
040 ## - FUENTE DE LA CATALOGACIÓN
- Agencia original de catalogación: ES-MaCES
110 2# - ENCABEZAMIENTO--NOMBRE CORPORATIVO
- Nombre corporativo o de jurisdicción como elemento de entrada: Asociación Española de Derecho del Trabajo y de la Seguridad Social
- Unidad subordinada: Congreso Anual
- Número de parte/sección/reunión: 35
- Lugar de reunión o firma del tratado: 2025
- Lugar de la reunión: Valencia
670 ## - FUENTE DE DATOS ENCONTRADOS
- Fuente de citación: CD del CES

